000 00303nam a22001337a 4500
008 170208b xxu||||| |||| 00| 0 eng d
020 _a9780781725248
041 _aeng
080 _a61
100 _a3
101 _aSHM
245 _aACSM'S CLINICAL CERTIFICATION REVIEW
_cWEGNER, M.S
942 _2udc
_cBK
999 _c4866
_d4866